Anne ou Anna ? - Statistiques

Statistiques générales
  • Ce quiz a été pris 68 fois
  • Le résultat moyen est 9 sur 12
Statistiques - réponses
Question Réponse % Correct
La fille du duc de Bretagne François II Anne
100%
La sœur d'Elsa dans La Reine des neiges Anna
97%
L'actrice Hathaway ayant joué dans de nombreux films tel que Interstellar Anne
91%
La danseuse Pavlova qui a été la première ballerine à parcourir le monde avec sa propre compagnie de ballet Anna
86%
L'auteure allemande Frank célèbre pour avoir écrit un journal intime pendant la seconde guerre mondiale Anne
85%
La leader des extraterrestres dans la série américaine V (Reboot de 2009) Anna
66%
La vidéaste Cramling, joueuse d'échec avec plus d'un million d'abonnés sur YouTube Anna
65%
Le personnage principal dans le roman dont le titre se termine par "...la maison aux pignons verts" et qui a été écrit par Lucy Maud Montgomery Anne
63%
La pirate irlandaise Bonny Anne
62%
L'actrice Heche ayant joué dans le film Donnie Brasco Anne
51%
Le personnage principal du film Souvenirs de Marnie des studios Ghibli Anna
48%
L'ange déchu dans la série Supernatural Anna
40%
Aucun quiz correspondant
Distribution des résultats
% des personnes avec chaque résultat
Percentile par nombre de réponses
Votre historique - résultats
Vous n’avez pas pris ce quiz